000 00726cas a2200217 a 4500
005 20171006163929.0
008 010915s1996 ck u r 00010 spa d
040 _ala
_cla
_dCO-BoIAVH
041 0 _aspa
044 _ack
090 _aSE
110 1 _aColombia
_bMinisterio de Agricultura y Desarrollo Rural
_96763
245 1 0 _aDesarrollo regional /
_cMinisterio de Agricultura y Desarrollo Rural.
260 _aBogotá :
_bMinisterio de Agricultura y Desarrollo Rural,
_c1996-.
300 _bilustraciones ;
_c27 cm.
310 _au
650 2 6 _aDesarrollo regional
_zColombia
650 2 6 _aOrdenación territorial
_zColombia
650 2 6 _aDesarrollo agrícola
_zColombia
942 _2z
_cREVISTA
999 _c16850
_d16850